| 000 | 00727nam a2200193 i 4500 | ||
|---|---|---|---|
| 001 | 73737 | ||
| 003 | ES-MaACL | ||
| 005 | 20250718191337.0 | ||
| 007 | t| | ||
| 008 | 040910s1985 sp ||||1| spa d | ||
| 100 | 0 |
_aGómez-Tabanera, José Manuel, _d1926-2011 _958165 |
|
| 245 | 1 | 4 |
_aLas culturas populares en la América Latina y us intergración en la antropología / _cJosé Manuel Gómez-Tabanera. |
| 260 |
_a[S. l. : _bs.n., _c1985] |
||
| 300 |
_a15 p. ; _c22 cm. |
||
| 500 | _aEs Separata de: Congreso Internacional de Americanistas (45a, 1985, Colombia) | ||
| 711 | 2 |
_aCongreso Internacional de Americanistas _n(45º. _d1985. _cBogotá) _9162825 |
|
| 852 |
_aES-MaACL _j2135-F-27 _bR.108827 |
||
| 999 |
_c73737 _d73737 |
||